| 000 | 00695nam a2200265Ia 4500 | ||
|---|---|---|---|
| 008 | 160321s9999||||xx |||||||||||||| ||und|| | ||
| 040 | _cEnglish | ||
| 082 | _aXI.A/(B.V.B) Majumdar | ||
| 082 | _bBORI-18988 | ||
| 100 | _aR. C. Majumdar | ||
| 245 | _aBritish Paramounty And Renaissance | ||
| 300 | _aXXXV+1205 | ||
| 300 | _cB | ||
| 300 | _eHardbound | ||
| 530 | _bShri Deshpande | ||
| 530 | _u00052372.pdf | ||
| 563 | _aStudy | ||
| 600 | _aR. C. Majumdar | ||
| 630 | _aBritish Paramounty And Renaissance | ||
| 650 | _a History & Historiography | ||
| 650 | _aGeneral Indology | ||
| 700 | _aR. C. Majumdar | ||
| 730 | _aBritish Paramounty And Renaissance | ||
| 942 | _cBOOK | ||
| 999 |
_c1358589 _d1358586 |
||